|
|
|
|
| LEADER |
00000nab a2200000 a 4500 |
| 001 |
vtls008856547 |
| 003 |
SK-MaSNL |
| 005 |
20260304134359.0 |
| 008 |
250505c2006 xo zr|p|||||||000 b|slo |
| 015 |
|
|
|a SNBRB2006/10
|2 snkbucl
|
| 035 |
|
|
|a (uuid)2deb727d-c276-4e62-a708-3171edb98746
|
| 035 |
|
|
|a urn:nbn:sk:snk-abae71
|
| 035 |
|
|
|a (urnnbn)urn:nbn:sk:snk:ar-008dwn
|
| 038 |
|
|
|a SNKBUCL
|
| 040 |
|
|
|a SNKBUCL
|b slo
|c SNKBUCL
|e AACR2
|
| 041 |
0 |
|
|a slo
|
| 044 |
|
|
|a xo
|c SK
|
| 080 |
|
|
|a 620.92:551.521.1
|2 2001
|
| 080 |
|
|
|a 551.521.1
|2 2001
|
| 080 |
|
|
|a 621.311.243
|2 2001
|
| 100 |
1 |
|
|a Gottas, Alfréd
|4 aut
|9 775160
|
| 245 |
1 |
0 |
|a Silné a slabé stránky využívania slnečnej energie
|c Alfréd Gottas
|
| 650 |
0 |
7 |
|a solárna energia
|2 snkbucl
|9 3508
|
| 650 |
0 |
7 |
|a solárne kolektory
|2 snkbucl
|9 60145
|
| 650 |
0 |
7 |
|a energetické úspory
|2 snkbucl
|9 4323
|
| 773 |
0 |
|
|t Eurostav
|g Roč. 12, č. 4 (2006), s. 13
|x 1335-1249
|
| 850 |
|
|
|a Slovenská národná knižnica
|
| 852 |
|
|
|a Slovenská národná knižnica
|
| 954 |
|
|
|a odborná, vedecká literatúra pôvodná (slovenská)
|2 lita
|
| 958 |
|
|
|a article14
|
| 958 |
|
|
|a OND
|
| 958 |
|
|
|a EUIPO
|
| 999 |
|
|
|c 2906608
|d 2908538
|